Estatísticas para Cultura Geral

Clique aqui para jogar o quiz

Estatísticas Gerais

  • Esse quiz foi jogado 23 vezes
  • A pontuação média é 6 de 15

Estatísticas das Respostas

HintResposta% Correto
Pato no tucupi é um prato típico de que país?Brasil
89%
O Cozido à portuguesa é um prato típico de que país?Portugal
68%
Que país que começa com a letra U faz fronteira com a Rússia?Ucrânia
68%
Quem canta a música"New Rules"?Dua Lipa
63%
Que peça do vestuário que serve para proteger e/ou cobrir a cabeça?Chapéu
58%
Que país faz fronteira apenas com a China e a Rússia?Mongólia
47%
A mousse de chocolate é um doce típico de que país?França
42%
Que nome damos a uma estrutura escavada ou perfurada no solo para acessar água subterrânea?Poço
32%
Qual é o nome da região de língua holandesa da Bélgica?Flandres
21%
Quem canta a música "Everybody Wants to Rule the World"?Tears for Fears
21%
Quem canta a música "You Shook Me All Night Long"?AC/DC
11%
Em que país você encontraria o maior número de cristãos coptas?Egito
11%
Qual é a única cidade irmã de Roma?Paris
11%
Que nome damos á crença em causalidade sobrenatural irracional?Superstição
5%
Quem canta a música "What's Love Got To Do With It"?Tina Turner
5%

Distribuição das Pontuações

Percentil de Números Respondidos

Porcentagem de Pessoas com Cada Pontuação

Sua Pontuação Histórica

Você não jogou esse quiz